00319nam a2200121Ia 4500008004100000082001600041100001300057245002700070260004000097365000600137630002700143730002700170100415s9999 xx 000 0 und d b6060a595.3 aGreen J aA Biology of Crustacea aLONDONc1961bHF AND G WITHERBY LTD b0 aA Biology of Crustacea aA Biology of Crustacea